[Event "NED-chT 2223"]
[Site "Netherlands"]
[Date "2023.04.01"]
[Round "8.9"]
[White "Kokje, Joris"]
[Black "Vandenbussche, Thibaut"]
[Result "1-0"]
[WhiteElo "2261"]
[BlackElo "2447"]
[PlyCount "73"]
[EventDate "2022.09.17"]
[EventType "team-tourn"]
[EventRounds "9"]
[EventCountry "NED"]
[SourceTitle "EXT 2024"]
[Source "ChessBase"]
[SourceDate "2023.10.10"]
[SourceVersion "1"]
[SourceVersionDate "2023.10.10"]
[SourceQuality "1"]
[WhiteTeam "Paul Keres"]
[BlackTeam "Charlois Europoort"]
[WhiteTeamCountry "NED"]
[BlackTeamCountry "NED"]

1. d4 d5 2. c4 e6 3. Nf3 c5 4. cxd5 exd5 5. g3 Nc6 6. Bg2 Nf6 7. 0-0 Be7 8. Nc3 0-0 9. dxc5 d4 10. Na4 Bf5 11. b3 Be4 12. Bb2 Qd5 13. e3 Ne5 14. Nxe5 Bxg2 15. e4 Qxe5 16. Kxg2 Rad8 17. Re1 Bxc5 18. Nxc5 Qxc5 19. Rc1 Qa5 20. Rc4 Qxa2 21. Rxd4 Rxd4 22. Bxd4 Rd8 23. e5 Ne8 24. e6 fxe6 25. Rxe6 Nf6 26. Rxf6 gxf6 27. Qg4+ Kf7 28. Bxf6 Kxf6 29. Qh4+ Kf7 30. Qxd8 Qxb3 31. Qc7+ Kg6 32. Qd6+ Kf7 33. Qf4+ Kg6 34. Qe4+ Kh6 35. Qd4 a6 36. Qf6+ Kh5 37. f3 1-0

[Event "NED-chT 2223"]
[Site "Netherlands"]
[Date "2022.11.26"]
[Round "4.4"]
[White "Warakomski, Tomasz"]
[Black "Kokje, Joris"]
[Result "1-0"]
[WhiteElo "2544"]
[BlackElo "2261"]
[PlyCount "87"]
[EventDate "2022.09.17"]
[EventType "team-tourn"]
[EventRounds "9"]
[EventCountry "NED"]
[SourceTitle "CBM 213 Extra"]
[Source "ChessBase"]
[SourceDate "2023.05.31"]
[SourceVersion "1"]
[SourceVersionDate "2023.05.31"]
[SourceQuality "1"]
[WhiteTeam "Groningen Combinatie"]
[BlackTeam "Paul Keres"]
[WhiteTeamCountry "NED"]
[BlackTeamCountry "NED"]

1. e4 c5 2. Nf3 d6 3. d4 cxd4 4. Nxd4 Nf6 5. Nc3 a6 6. f4 e5 7. Nf3 Nc6 8. fxe5 dxe5 9. Qxd8+ Kxd8 10. Bg5 Be7 11. 0-0-0+ Ke8 12. Nd5 Nxd5 13. exd5 Bxg5+ 14. Nxg5 Nd4 15. Ne4 f6 16. Rd2 Kf7 17. c3 Nf5 18. Bc4 b5 19. Bb3 Rd8 20. d6+ Be6 21. Rf1 Ne3 22. Rf3 Bxb3 23. axb3 Ng4 24. h3 Nh6 25. Ng5+ Kg8 26. Ne6 Rd7 27. Nc5 Rdd8 28. d7 Ra7 29. Rfd3 Kf7 30. g4 Ke7 31. Rd6 Nf7 32. Re6+ Kf8 33. b4 Ng5 34. Rb6 Ke7 35. h4 Nf3 36. Rf2 Nxh4 37. g5 f5 38. Re6+ Kf7 39. Rxe5 Kg6 40. Re7 f4 41. Rxf4 Nf5 42. Re5 Ng3 43. Rf3 Nh5 44. Rd5 1-0

[Event "NED-chT 2223"]
[Site "Netherlands"]
[Date "2022.10.08"]
[Round "2.6"]
[White "Zwirs, Nico"]
[Black "Kokje, Joris"]
[Result "1-0"]
[WhiteElo "2476"]
[BlackElo "2261"]
[PlyCount "31"]
[EventDate "2022.09.17"]
[EventType "team-tourn"]
[EventRounds "9"]
[EventCountry "NED"]
[SourceTitle "CBM 213 Extra"]
[Source "ChessBase"]
[SourceDate "2023.05.31"]
[SourceVersion "1"]
[SourceVersionDate "2023.05.31"]
[SourceQuality "1"]
[WhiteTeam "Apeldoorn Amevo"]
[BlackTeam "Paul Keres"]
[WhiteTeamCountry "NED"]
[BlackTeamCountry "NED"]

1. e4 c5 2. Nf3 d6 3. d4 cxd4 4. Nxd4 Nf6 5. Nc3 a6 6. Bg5 Nbd7 7. Bc4 e6 8. 0-0 Qc7 9. Bxe6 fxe6 10. Nxe6 Qb8 11. Nd5 Kf7 12. Bxf6 Kxe6 13. Bd4 Kf7 14. Qh5+ Kg8 15. Qe8 g6 16. Ne7# 1-0

[Event "Utrecht OKU Masters 47th"]
[Site "Utrecht"]
[Date "2022.05.29"]
[Round "8"]
[White "Kokje, Joris"]
[Black "Dorokhin, Mykhailo"]
[Result "1/2-1/2"]
[WhiteElo "2275"]
[BlackElo "2357"]
[PlyCount "87"]
[EventDate "2022.02.13"]
[EventType "tourn"]
[EventRounds "9"]
[EventCountry "NED"]
[SourceTitle "EXT 2023"]
[Source "ChessBase"]
[SourceDate "2022.10.05"]
[SourceVersion "1"]
[SourceVersionDate "2022.10.05"]
[SourceQuality "1"]

1. d4 Nf6 2. c4 e6 3. Nf3 a6 4. Nc3 d5 5. Bg5 Be7 6. e3 Nbd7 7. cxd5 exd5 8. Bd3 c6 9. h3 Nh5 10. Bxe7 Qxe7 11. Qc2 Nf4 12. 0-0 Nxd3 13. Qxd3 0-0 14. e4 dxe4 15. Qxe4 Qd6 16. Rfe1 Nf6 17. Qe7 Qxe7 18. Rxe7 Rb8 19. Rae1 h6 20. Na4 Nd5 21. Re8 Bf5 22. Rxb8 Rxb8 23. Ne5 f6 24. Nf3 Kf7 25. a3 a5 26. Nc5 g5 27. Nd2 b6 28. Nce4 Kg6 29. Nc3 h5 30. Nxd5 cxd5 31. Nf1 Rc8 32. Ne3 Be6 33. f3 b5 34. Kf2 b4 35. axb4 axb4 36. Ra1 f5 37. Ra6 Kf7 38. g3 f4 39. gxf4 gxf4 40. Ng2 Rc2+ 41. Kg1 Bxh3 42. Nxf4 Bd7 43. Ra7 Ke8 44. Nxd5 1/2-1/2

[Event "Utrecht OKU Masters 47th"]
[Site "Utrecht"]
[Date "2022.05.28"]
[Round "7"]
[White "Helgason, Reynir"]
[Black "Kokje, Joris"]
[Result "1-0"]
[WhiteElo "2283"]
[BlackElo "2275"]
[PlyCount "97"]
[EventDate "2022.02.13"]
[EventType "tourn"]
[EventRounds "9"]
[EventCountry "NED"]
[SourceTitle "EXT 2023"]
[Source "ChessBase"]
[SourceDate "2022.10.05"]
[SourceVersion "1"]
[SourceVersionDate "2022.10.05"]
[SourceQuality "1"]

1. d4 Nf6 2. Bf4 g6 3. e3 Bg7 4. Nf3 d6 5. Be2 0-0 6. 0-0 Nc6 7. h3 Nd7 8. c4 e5 9. Bg5 f6 10. Bh4 g5 11. Bg3 e4 12. Nfd2 f5 13. Nc3 Nf6 14. Rc1 Ne7 15. b4 Ng6 16. Re1 f4 17. Bh2 Bf5 18. Nd5 Nxd5 19. cxd5 f3 20. gxf3 exf3 21. Bxf3 Bxh3 22. Bg4 Bxg4 23. Qxg4 Rf7 24. Rc2 Nh4 25. Rec1 Qf6 26. Bg3 Nf5 27. Ne4 Qg6 28. Qxg5 Nxd4 29. Qxg6 Nf3+ 30. Kg2 hxg6 31. Rxc7 Ne1+ 32. Kf1 Nd3 33. Rxf7 Nxc1 34. Rxb7 Nxa2 35. Bxd6 a5 36. bxa5 Rxa5 37. Ng5 Bf6 38. Rb8+ Kg7 39. Ne6+ Kh7 40. e4 Nc3 41. f3 Ra2 42. Bg3 Nd1 43. e5 Ne3+ 44. Ke1 Nxd5 45. exf6 Nxf6 46. Be5 Ra6 47. Ng5+ Kh6 48. Nf7+ Kg7 49. Nd6 1-0

[Event "BEL-chT 2122"]
[Site "Belgium"]
[Date "2021.11.21"]
[Round "2.1"]
[White "Kokje, Joris"]
[Black "Michiels, Bart"]
[Result "1/2-1/2"]
[WhiteElo "2256"]
[BlackElo "2566"]
[PlyCount "180"]
[EventDate "2021.10.24"]
[EventType "team-tourn"]
[EventRounds "11"]
[EventCountry "BEL"]
[SourceTitle "EXT 2023"]
[Source "ChessBase"]
[SourceDate "2022.10.05"]
[SourceVersion "1"]
[SourceVersionDate "2022.10.05"]
[SourceQuality "1"]
[WhiteTeam "Brasschaat"]
[BlackTeam "Wachtebeke"]
[WhiteTeamCountry "BEL"]
[BlackTeamCountry "BEL"]

1. d4 d5 2. c4 e6 3. Nf3 Nf6 4. g3 Be7 5. Bg2 0-0 6. 0-0 dxc4 7. Qc2 a6 8. a4 Bd7 9. Qxc4 Bc6 10. Bg5 a5 11. Nc3 Ra6 12. Rfd1 Rb6 13. Rd2 Nbd7 14. Qd3 h6 15. Bxf6 Nxf6 16. e4 Qb8 17. Ne5 Rd8 18. Nxc6 bxc6 19. Qe2 Rb4 20. Rad1 Qb6 21. d5 e5 22. dxc6 Rxd2 23. Rxd2 Qxc6 24. Rd5 Qb6 25. Rb5 Rxb5 26. Qxb5 Bc5 27. Qxb6 Bxb6 28. Nd5 Nxd5 29. exd5 f5 30. Kf1 Kf7 31. Ke2 e4 32. f3 e3 33. f4 g5 34. fxg5 hxg5 35. h3 Kf6 36. Kd3 Ke5 37. Bf3 Bc5 38. b3 Bb6 39. Bg2 Bc5 40. Bf3 Bb6 41. Bg2 f4 42. g4 Kd6 43. Ke2 Kc5 44. Kf3 Kb4 45. Bf1 Kxb3 46. Bb5 Kc3 47. Bc6 Bc5 48. Bb5 Bd6 49. Bc6 Kd4 50. Bb7 Kd3 51. Ba6+ Kd2 52. Bb5 Be7 53. Ba6 Kc2 54. Bb5 Kb3 55. Bc6 Kc4 56. Bb7 Kc5 57. Bc6 Bd6 58. Bb7 Kc4 59. Bc6 Kd4 60. Bb7 e2 61. Kxe2 Ke4 62. Kf1 f3 63. Bc6 Kf4 64. Bd7 Kg3 65. Be6 Bc5 66. Bd7 Kxh3 67. Be6 Kg3 68. Bd7 Kf4 69. Be6 Bb6 70. Bd7 Ke5 71. Bc6 Kf4 72. Bd7 Be3 73. Bc8 Ke5 74. Bb7 Kd6 75. Bc6 Bc5 76. Bb7 Ke5 77. Bc6 Kf4 78. Bd7 Bb6 79. Bc8 Bd4 80. Bd7 Bb2 81. Bc8 Ba3 82. Bd7 Bb4 83. Bc8 Bd6 84. Bd7 Ke4 85. Bc6 Ke5 86. Bb7 Kf4 87. Bc8 Kg3 88. Bd7 Kf4 89. Bc8 Ke5 90. Bb7 Kf4 1/2-1/2

[Event "Glorney Cup"]
[Site "Dublin"]
[Date "2019.07.23"]
[Round "4"]
[White "Volland, Ben"]
[Black "Kokje, Joris"]
[Result "0-1"]
[WhiteElo "1846"]
[BlackElo "2207"]
[PlyCount "70"]
[EventDate "2019.07.22"]
[EventType "team-tourn"]
[EventRounds "5"]
[EventCountry "IRL"]
[SourceTitle "CBM 191 Extra"]
[Source "ChessBase"]
[SourceDate "2019.09.30"]
[SourceVersion "1"]
[SourceVersionDate "2019.09.30"]
[SourceQuality "1"]
[WhiteTeam "Scotland"]
[BlackTeam "Netherlands"]
[WhiteTeamCountry "SCO"]
[BlackTeamCountry "NED"]

1. c4 Nf6 2. g3 g6 3. Bg2 Bg7 4. Nc3 0-0 5. d3 d6 6. Bd2 e5 7. e4 Nc6 8. Nge2 Be6 9. 0-0 Qd7 10. Rb1 a5 11. a3 Bh3 12. Nd5 Bxg2 13. Kxg2 Ne7 14. Nxe7+ Qxe7 15. f4 c6 16. f5 d5 17. Bg5 dxe4 18. dxe4 h6 19. Bxf6 Bxf6 20. Qb3 Rfd8 21. fxg6 fxg6 22. Rbd1 h5 23. Qb6 Bg5 24. Nc3 Rxd1 25. Rxd1 Rf8 26. Rf1 Rd8 27. Rf2 h4 28. Qxa5 Be3 29. Re2 Bd4 30. Nd1 Rf8 31. Qe1 Qf7 32. b3 Qf3+ 33. Kh3 hxg3 34. Qxg3 Qh5+ 35. Qh4 Rf3+ 0-1

[Event "Glorney Cup"]
[Site "Dublin"]
[Date "2019.07.22"]
[Round "2"]
[White "Kokje, Joris"]
[Black "Melaugh, Gavin"]
[Result "0-1"]
[WhiteElo "2207"]
[BlackElo "2153"]
[PlyCount "70"]
[EventDate "2019.07.22"]
[EventType "team-tourn"]
[EventRounds "5"]
[EventCountry "IRL"]
[SourceTitle "CBM 191 Extra"]
[Source "ChessBase"]
[SourceDate "2019.09.30"]
[SourceVersion "1"]
[SourceVersionDate "2019.09.30"]
[SourceQuality "1"]
[WhiteTeam "Netherlands"]
[BlackTeam "Ireland"]
[WhiteTeamCountry "NED"]
[BlackTeamCountry "IRL"]

1. d4 e6 2. c4 f5 3. g3 Nf6 4. Bg2 Be7 5. Nf3 0-0 6. 0-0 d6 7. Nc3 Ne4 8. Qc2 Nxc3 9. bxc3 Nc6 10. e4 e5 11. c5 fxe4 12. Qxe4 d5 13. Qe2 e4 14. Ne1 b6 15. f3 exf3 16. Rxf3 Bf6 17. Rxf6 Qxf6 18. Bxd5+ Kh8 19. Nf3 Bb7 20. Bg5 Qg6 21. Rd1 Rae8 22. Qg2 Qf5 23. c4 bxc5 24. Bf4 cxd4 25. Bxc7 d3 26. Bf4 Re2 27. Qf1 Qg6 28. Nh4 Qe8 29. Nf3 Qe7 30. Rxd3 Nb4 31. Rd1 Nxd5 32. cxd5 Qc5+ 33. Kh1 Rfe8 34. a4 Bxd5 35. Rc1 Qf2 0-1

[Event "BEL-chT 1819"]
[Site "Belgium"]
[Date "2019.03.17"]
[Round "9.5"]
[White "Bezemer, Arno J"]
[Black "Kokje, Joris"]
[Result "0-1"]
[WhiteElo "2257"]
[BlackElo "2235"]
[PlyCount "88"]
[EventDate "2018.09.30"]
[EventType "team-tourn"]
[EventRounds "11"]
[EventCountry "BEL"]
[SourceTitle "CBM 189 Extra"]
[Source "ChessBase"]
[SourceDate "2019.06.03"]
[SourceVersion "1"]
[SourceVersionDate "2019.06.03"]
[SourceQuality "1"]
[WhiteTeam "Jean Jaures"]
[BlackTeam "Brasschaat"]
[WhiteTeamCountry "BEL"]
[BlackTeamCountry "BEL"]

1. e4 c5 2. Nf3 d6 3. d4 cxd4 4. Nxd4 Nf6 5. Nc3 a6 6. h3 e6 7. g4 h6 8. Bg2 g5 9. b3 Nbd7 10. Bb2 Ne5 11. Nde2 b5 12. a3 Bb7 13. Qd2 Qb6 14. Qd4 Qc7 15. a4 bxa4 16. Qxa4+ Nfd7 17. Qa5 Qc8 18. Rd1 Be7 19. Rd2 h5 20. f3 Qc6 21. Nd4 Qc5 22. Qa1 Rh7 23. Na4 Qc7 24. Ne2 Ng6 25. Bd4 Nh4 26. Ng3 hxg4 27. hxg4 d5 28. e5 f6 29. Nh5 fxe5 30. Bb2 Rf7 31. Rh3 0-0-0 32. Bh1 Rdf8 33. Ba3 Bxa3 34. Qxa3 d4 35. Nb2 Nxf3+ 36. Bxf3 Bxf3 37. Nc4 Bxg4 38. Qxa6+ Kd8 39. Rh1 Bxh5 40. Nd6 Rf3 41. Nb7+ Qxb7 42. Qxb7 Re3+ 43. Re2 Rxe2+ 44. Kd1 Bf3 0-1

[Event "BEL-chT 1819"]
[Site "Belgium"]
[Date "2019.02.10"]
[Round "7.6"]
[White "Kokje, Joris"]
[Black "Piceu, Tom"]
[Result "0-1"]
[WhiteElo "2235"]
[BlackElo "2350"]
[PlyCount "88"]
[EventDate "2018.09.30"]
[EventType "team-tourn"]
[EventRounds "11"]
[EventCountry "BEL"]
[SourceTitle "CBM 189 Extra"]
[Source "ChessBase"]
[SourceDate "2019.06.03"]
[SourceVersion "1"]
[SourceVersionDate "2019.06.03"]
[SourceQuality "1"]
[WhiteTeam "Brasschaat"]
[BlackTeam "KBSK Brugge"]
[WhiteTeamCountry "BEL"]
[BlackTeamCountry "BEL"]

1. d4 d5 2. Nf3 Nf6 3. c4 e6 4. g3 Bb4+ 5. Bd2 Be7 6. Bg2 0-0 7. Na3 Nbd7 8. Rc1 Ne4 9. 0-0 c6 10. Bf4 f5 11. Ne5 Nxe5 12. Bxe5 Bd7 13. f3 Nf6 14. Qb3 Qb6 15. c5 Qxb3 16. axb3 Be8 17. e4 fxe4 18. fxe4 Bg6 19. exd5 exd5 20. Rce1 Ne4 21. Rxf8+ Rxf8 22. Bxe4 Bxe4 23. Nc4 Bg5 24. Nd6 Bd3 25. Kg2 h5 26. b4 Bh6 27. b5 Bxb5 28. Nxb5 cxb5 29. Bd6 Rf7 30. Re5 a5 31. Rxd5 Be3 32. Be5 a4 33. Rd8+ Kh7 34. Rb8 Kg6 35. Rd8 Rf2+ 36. Kh3 Rxb2 37. Rd7 Kf5 38. Rxb7 g5 39. Rf7+ Ke6 40. Rf6+ Kd5 41. Rd6+ Ke4 42. g4 h4 43. Rb6 Rb3 44. Kg2 h3+ 0-1

[Event "BEL-chT 1819"]
[Site "Belgium"]
[Date "2019.02.03"]
[Round "6.5"]
[White "Kokje, Joris"]
[Black "Daulyte Cornette, Deimante"]
[Result "0-1"]
[WhiteElo "2235"]
[BlackElo "2462"]
[PlyCount "32"]
[EventDate "2018.09.30"]
[EventType "team-tourn"]
[EventRounds "11"]
[EventCountry "BEL"]
[SourceTitle "CBM 189 Extra"]
[Source "ChessBase"]
[SourceDate "2019.06.03"]
[SourceVersion "1"]
[SourceVersionDate "2019.06.03"]
[SourceQuality "1"]
[WhiteTeam "Brasschaat"]
[BlackTeam "Echiquier Mosan"]
[WhiteTeamCountry "BEL"]
[BlackTeamCountry "BEL"]

1. d4 Nf6 2. c4 e6 3. Nf3 b6 4. g3 Bb4+ 5. Bd2 Bxd2+ 6. Qxd2 Ba6 7. b3 0-0 8. Bg2 d5 9. 0-0 c5 10. cxd5 exd5 11. Nc3 Nc6 12. Rfd1 Ne4 13. Nxe4 dxe4 14. Ng5 Nxd4 15. Bxe4 Re8 16. e3 Rxe4 0-1

[Event "Groningen op 56th"]
[Site "Groningen"]
[Date "2018.12.29"]
[Round "8"]
[White "Kokje, Joris"]
[Black "Van Randtwijk, Mick"]
[Result "0-1"]
[WhiteElo "2244"]
[BlackElo "2030"]
[PlyCount "138"]
[EventDate "2018.12.22"]
[EventType "swiss"]
[EventRounds "9"]
[EventCountry "NED"]
[SourceTitle "CBM 188 Extra"]
[Source "ChessBase"]
[SourceDate "2019.02.26"]
[SourceVersion "1"]
[SourceVersionDate "2019.02.26"]
[SourceQuality "1"]

1. d4 Nf6 2. c4 e6 3. Nf3 Bb4+ 4. Nbd2 0-0 5. a3 Bxd2+ 6. Qxd2 d6 7. g3 Nbd7 8. Bg2 Ne4 9. Qc2 f5 10. b4 Qe7 11. Bb2 Ndf6 12. 0-0 Bd7 13. Nd2 Nxd2 14. Qxd2 c6 15. f3 d5 16. Rac1 Be8 17. a4 a6 18. Ba3 b5 19. cxb5 cxb5 20. Qf4 Nd7 21. Rc7 g5 22. Qd2 Qd8 23. Rc2 Nb6 24. Bc1 h6 25. axb5 Bxb5 26. Rc5 Nc4 27. Qc3 Qd6 28. Re1 Nb6 29. e4 fxe4 30. fxe4 Rad8 31. e5 Qe7 32. Qc2 Qf7 33. Rc7 Rd7 34. Rxd7 Nxd7 35. h4 Qh5 36. hxg5 hxg5 37. Qd2 g4 38. Qc2 Kg7 39. Bf4 Rh8 40. Rc1 Bc4 41. Qa4 Nb6 42. Qc2 Nc8 43. Qd2 Ne7 44. Bg5 Qh2+ 45. Kf2 Nf5 46. Bf6+ Kf7 47. Bxh8 Qxg3+ 48. Kg1 Nh4 49. Kh1 Nxg2 50. Qxg2 Qf4 51. Rc2 g3 52. Rxc4 dxc4 53. Qb7+ Kg6 54. Kg2 Qf2+ 55. Kh3 Qh2+ 56. Kg4 Qxh8 57. Kxg3 Qh5 58. Qc8 Qg5+ 59. Kf3 Qf5+ 60. Ke2 Qd3+ 61. Ke1 Kf5 62. Qd7 Qe3+ 63. Kf1 c3 64. Qh7+ Kf4 65. Qh4+ Kf3 66. Qh3+ Ke4 67. Qxe6 Qd3+ 68. Kf2 Qd2+ 69. Kg3 c2 0-1

[Event "Groningen op 56th"]
[Site "Groningen"]
[Date "2018.12.26"]
[Round "5"]
[White "Lahaye, Rick"]
[Black "Kokje, Joris"]
[Result "1-0"]
[WhiteElo "2404"]
[BlackElo "2244"]
[PlyCount "121"]
[EventDate "2018.12.22"]
[EventType "swiss"]
[EventRounds "9"]
[EventCountry "NED"]
[SourceTitle "CBM 188 Extra"]
[Source "ChessBase"]
[SourceDate "2019.02.26"]
[SourceVersion "1"]
[SourceVersionDate "2019.02.26"]
[SourceQuality "1"]

1. e4 c5 2. Ne2 d6 3. g3 g6 4. Bg2 Bg7 5. 0-0 Nc6 6. c3 a6 7. d4 cxd4 8. cxd4 Nf6 9. Nbc3 0-0 10. h3 Bd7 11. Be3 b5 12. Rc1 Rc8 13. b3 b4 14. Na4 Na7 15. e5 Ne8 16. d5 Rxc1 17. Qxc1 Nb5 18. e6 fxe6 19. dxe6 Bxe6 20. Nf4 Bf7 21. Nd5 Nc3 22. Naxc3 bxc3 23. Bh6 Bxh6 24. Qxh6 Nf6 25. Nxc3 d5 26. Rd1 Qd6 27. Qd2 Rd8 28. f4 e5 29. fxe5 Qxe5 30. Qd4 Qxd4+ 31. Rxd4 Rc8 32. Rd3 d4 33. Nd1 Rc2 34. a3 Rc1 35. b4 Nd5 36. Bxd5 Bxd5 37. Kf2 Rc2+ 38. Ke1 Bc4 39. Rd2 Rc1 40. Rxd4 Bb3 41. Ke2 Ra1 42. Nb2 Be6 43. a4 Ra2 44. Rd2 Bxh3 45. b5 axb5 46. axb5 Ra5 47. b6 Rb5 48. Na4 Bg2 49. Ke3 Bc6 50. Rb2 Rxb2 51. Nxb2 Kf7 52. Nc4 Kf6 53. Na5 Bh1 54. b7 Bxb7 55. Nxb7 h5 56. Kf4 g5+ 57. Ke4 Ke6 58. Nc5+ Kf6 59. Nd3 Ke6 60. Ne1 h4 61. g4 1-0

[Event "Groningen op 56th"]
[Site "Groningen"]
[Date "2018.12.23"]
[Round "2"]
[White "Grooten, Herman"]
[Black "Kokje, Joris"]
[Result "0-1"]
[WhiteElo "2374"]
[BlackElo "2244"]
[PlyCount "90"]
[EventDate "2018.12.22"]
[EventType "swiss"]
[EventRounds "9"]
[EventCountry "NED"]
[SourceTitle "CBM 188 Extra"]
[Source "ChessBase"]
[SourceDate "2019.02.26"]
[SourceVersion "1"]
[SourceVersionDate "2019.02.26"]
[SourceQuality "1"]

1. d4 Nf6 2. c4 g6 3. Nc3 Bg7 4. e4 d6 5. Nf3 0-0 6. Be2 e5 7. d5 Ng4 8. h3 Nh6 9. g4 f5 10. gxf5 gxf5 11. Rg1 f4 12. Ng5 Qe7 13. Bf1 Rf6 14. Qh5 Rg6 15. h4 Nd7 16. Bh3 Nf6 17. Qf3 Bxh3 18. Qxh3 Nf7 19. Nf3 Rxg1+ 20. Nxg1 a6 21. Bd2 b5 22. cxb5 axb5 23. b4 Kf8 24. Ke2 Nd8 25. Qd3 Ra3 26. Re1 c6 27. Qc2 cxd5 28. Nxb5 Ra8 29. exd5 Nxd5 30. Qe4 Nb6 31. Nc3 Qe6 32. Nf3 d5 33. Qxh7 e4 34. Ng5 Qg4+ 35. f3 exf3+ 36. Kd3 f2 37. Rf1 Nc6 38. Kc2 Nxb4+ 39. Kb3 Qc8 40. Kb2 Rxa2+ 41. Kb1 Rxd2 42. Qg6 Rb2+ 43. Ka1 Nc2+ 44. Kxb2 Qxc3+ 45. Kc1 Ne3+ 0-1

[Event "Groningen op 56th"]
[Site "Groningen"]
[Date "2018.12.23"]
[Round "3"]
[White "Kokje, Joris"]
[Black "Gleizerov, Evgeny"]
[Result "1/2-1/2"]
[WhiteElo "2244"]
[BlackElo "2504"]
[PlyCount "58"]
[EventDate "2018.12.22"]
[EventType "swiss"]
[EventRounds "9"]
[EventCountry "NED"]
[SourceTitle "CBM 188 Extra"]
[Source "ChessBase"]
[SourceDate "2019.02.26"]
[SourceVersion "1"]
[SourceVersionDate "2019.02.26"]
[SourceQuality "1"]

1. d4 e6 2. c4 f5 3. Nf3 Nf6 4. g3 d5 5. Bg2 c6 6. 0-0 Bd6 7. b3 Qe7 8. a4 a5 9. Ba3 Bxa3 10. Nxa3 b6 11. Ne5 Bb7 12. Qc1 0-0 13. Qb2 Na6 14. Rac1 Rac8 15. e3 Rfd8 16. Rfd1 c5 17. Nb5 Nb4 18. cxd5 Bxd5 19. Nc4 Bxg2 20. Kxg2 cxd4 21. Nxd4 Nd7 22. Nf3 Rb8 23. Rd2 Nc5 24. Rcd1 Rxd2 25. Rxd2 Qb7 26. Rd6 Qc7 27. Qe5 g6 28. Ng5 Nc6 29. Qf4 Re8 1/2-1/2

[Event "Utrecht OKU op 45th"]
[Site "Utrecht"]
[Date "2018.06.02"]
[Round "2"]
[White "Kokje, Joris"]
[Black "Bekedam, Tyro"]
[Result "1-0"]
[WhiteElo "2258"]
[BlackElo "2103"]
[PlyCount "89"]
[EventDate "2018.06.01"]
[EventType "swiss"]
[EventRounds "6"]
[EventCountry "NED"]
[SourceTitle "EXT 2019"]
[Source "ChessBase"]
[SourceDate "2018.10.10"]
[SourceVersion "1"]
[SourceVersionDate "2018.10.10"]
[SourceQuality "1"]

1. d4 d5 2. Nf3 Nf6 3. g3 Bf5 4. c4 c6 5. Nc3 e6 6. Nh4 Bg4 7. h3 Bh5 8. g4 Bg6 9. Nxg6 hxg6 10. Bg2 Bd6 11. Bg5 Nbd7 12. e4 dxe4 13. Nxe4 Bb4+ 14. Kf1 Be7 15. Nc3 Nb6 16. Qd3 Qc7 17. Rd1 Rd8 18. Qe2 0-0 19. Bh4 Rd7 20. Bg3 Qd8 21. c5 Nbd5 22. Bf3 Qa5 23. Nxd5 Nxd5 24. a3 Rfd8 25. Kg2 Bf6 26. h4 Qa4 27. Qe4 Ne7 28. Bd6 Rxd6 29. cxd6 Rxd6 30. g5 Bxd4 31. b3 Qxb3 32. Rxd4 Qxa3 33. Rhd1 Nd5 34. Qe5 Rd7 35. Bxd5 cxd5 36. Rh1 Qd6 37. Qxd6 Rxd6 38. Rc1 Kf8 39. Rc7 e5 40. Ra4 a6 41. Rxb7 d4 42. Rc4 Kg8 43. Rc8+ Kh7 44. Rbb8 d3 45. Rh8# 1-0

[Event "BEL-chT 1718"]
[Site "Belgium"]
[Date "2018.04.22"]
[Round "10.4"]
[White "Kokje, Joris"]
[Black "Zaragatski, Ilja"]
[Result "0-1"]
[WhiteElo "2253"]
[BlackElo "2497"]
[PlyCount "52"]
[EventDate "2017.09.24"]
[EventType "team-tourn"]
[EventRounds "11"]
[EventCountry "BEL"]
[SourceTitle "EXT 2019"]
[Source "ChessBase"]
[SourceDate "2018.10.10"]
[SourceVersion "1"]
[SourceVersionDate "2018.10.10"]
[SourceQuality "1"]
[WhiteTeam "Brasschaat"]
[BlackTeam "Amay"]
[WhiteTeamCountry "BEL"]
[BlackTeamCountry "BEL"]

1. d4 Nf6 2. c4 c5 3. d5 b5 4. cxb5 a6 5. bxa6 g6 6. Nc3 Bg7 7. e4 0-0 8. Nf3 Qa5 9. Bd2 Bxa6 10. Be2 d6 11. 0-0 Bxe2 12. Qxe2 Qa6 13. Qd1 Nbd7 14. Qc2 Rfb8 15. Rfe1 Ng4 16. a4 Qc4 17. Ra3 Bd4 18. Re2 Nge5 19. Nxe5 Nxe5 20. b3 Qa6 21. Ra1 c4 22. bxc4 Qxc4 23. Ra3 Nd3 24. Bc1 Rc8 25. Bd2 Nxf2 26. Rxf2 Bxf2+ 0-1